Responses for Show #3972 - Tuesday, December 4, 2001

Kathy Cassity game 2.

(Cheryl: Hi, this is Cheryl of the Clue Crew, and today we'll take you around New York City. Come on, jump in!)

Contestants

[<< previous game]

Sharon Wilson, a certified legal assistant from Syracuse, New York

James Martin, a bookstore department manager from Houston, Texas

Kathy Cassity, a closed captioner from Honolulu, Hawaii (whose 1-day cash winnings total $12,400)

[next game >>]

Jeopardy! Round responses

WAR
BRIDGE
GO FISH
GIN
21
"HEART"s
    $200 6
the Korean War

Sharon
    $200 11
Prague

Kathy
    $200 25
(Sharon: What is a dolphin?)
....
(Alex: Minute to go, James.)

marlin

JamesSharon
    $200 16
Casablanca

James
    $200 20
(Sharon: Who are the Backstreet Boys?)

Hanson

Sharon
Triple Stumper
    $200 1
"Heartbreak Hotel"

James
    $400 7
the Gaza Strip

Sharon
    $400 12
St. Louis

Kathy
    $400 26
cod

Sharon
    $400 17
bathtub gin

James
    $400 21
Christina Ricci

Kathy
    $400 2
wearing one's heart on one's sleeve

James
    $600 8
Kuwait

James
    $600 13
(Kathy: What is a wood covered bridge?)
(Alex: Whoa, you got wood with covered bridge, which we were going for.)

a covered bridge

Kathy
    $600 27
eel

James
    $600 18
fizz

James
    $600 22
Nick Carter

Triple Stumper
    $600 3
learn by heart

Kathy
    $800 9
James Madison

Sharon
    $800 14
the Seine

Sharon
    $800 29
a porcupine fish

Sharon
    $800 19
Beefeater

Kathy
    $800 23
Los Angeles Clippers

Kathy
    $800 4
makes the heart grow fonder

Sharon
    $1000 10
the Tet Offensive

Sharon
    $1,000 15
(Sharon: What is the Hudson River?)
(Alex: You had to go way out west, where John Jacob Astor set up his fur trading business.)

the Columbia

Sharon
    $1000 28
coho

Kathy
    $1000 30
(James: What is a screwdriver?)
(Alex: A screwdriver is vodka & orange juice.)

gimlet

James
Triple Stumper
    $1000 24
Lolita

Sharon
    $1000 5
"Heart of Darkness"

James

Scores at the first commercial break (after clue 15):

Kathy James Sharon
$1,800 $2,200 $3,000

Scores at the end of the Jeopardy! Round:

Kathy James Sharon
$4,800 $3,200 $4,800

Double Jeopardy! Round responses

WISDOM FROM WALDEN
PLAYING REAL PEOPLE
CANADA LEFTOVERS
EPITAPHS
WHERE TO, BUDDY?
SPELLED THE SAME
(Alex: The correct responses in that last category are spelled the same, but pronounced differently; for instance, to set a record, or to record something, as an example.)
    $400 14
Eleanor Roosevelt

Sharon
    $400 21
red & white

James
    $400 11
Will Rogers

James
    $400 1
Metropolitan Opera House

Sharon
    $400 6
compact

Sharon
    $800 15
Elian Gonzalez

Kathy
    $800 22
Amherst

Sharon
    $800 12
F. Scott Fitzgerald

Sharon
    $800 2
(Sharon: What is Harlem?)

Brooklyn

JamesSharon
    $800 7
intern

Kathy
    $1200 26
(Sharon: What are rooms?)

chairs

Sharon
Triple Stumper
    $1200 16
Emile Zola

Kathy
    $1200 23
(Alex: Less than a minute now.)

Edmonton

Kathy
    $2,000 13
Roy Rogers

Sharon
    $1200 3
Dylan Thomas

James
    $1200 8
desert

Kathy
    $1600 27
(Kathy: What is good?)
...
[The end-of-round signal sounds.]

the roots

Kathy
Triple Stumper
    $1600 17
Pat Conroy

Sharon
    $1600 24
(James: What is the viceroy?)

governor-general

James
Triple Stumper
    $1600 19
Dred Scott

Sharon
    $1600 4
the Rainbow Room

Kathy
    $2,000 9
produce

Kathy
    $2000 18
Roy Cohn

Triple Stumper
    $2000 25
Lord Kitchener

Triple Stumper
    $2000 20
John Keats

Triple Stumper
    $2000 5
(James: What is the Guggenheim?)

MOMA (Museum of Modern Art)

James
Triple Stumper
    $2000 10
refuse

Kathy

Scores at the end of the Double Jeopardy! Round:

Kathy James Sharon
$14,000 $2,400 $10,800

[wagering suggestions for these scores]

Final Jeopardy! Round responses

CLIMATE TERMS
(Alex: Kathy, I like that smile; keep it going, we'll see you tomorrow!)
JamesWhat are temperate zones
$2,400
SharonWhat is temperate zones
$10,000
KathyWhat [is the] are the temperate zones?
$7,600
temperate zones

Final scores:

Kathy James Sharon
$21,600 $4,800 $20,800
2-day champion: $34,000 3rd place: Myrtle Beach Golf Holiday 2nd place: Trip to Grand Lido Sans Souci Resort, Jamaica

Game dynamics:

Coryat scores:

Kathy James Sharon
$13,600 $2,400 $11,000
16 R
(including 1 DD),
1 W
13 R,
3 W
17 R
(including 1 DD),
5 W
(including 1 DD)

Combined Coryat: $27,000

[game clues] [game scores] [suggest correction]

Game tape date: 2001-09-05
The J! Archive is created by fans, for fans. Scraping, republication, monetization, and malicious use prohibited; this site may use cookies and collect identifying information. See terms. The Jeopardy! game show and all elements thereof, including but not limited to copyright and trademark thereto, are the property of Jeopardy Productions, Inc. and are protected under law. This website is not affiliated with, sponsored by, or operated by Jeopardy Productions, Inc. Join the discussion at JBoard.tv.